[Event "Greek Team Championship"]
[Site "chess24.com"]
[Date "2017.07.03"]
[Round "1"]
[White "Vatkali, Dimitra"]
[Black "Pavlidou, Ekaterini"]
[Result "0-1"]
[Board "5"]
[WhiteElo "2017"]
[WhiteCountry "GRE"]
[WhiteFideId "4200705"]
[WhiteEloChange "-6"]
[BlackElo "2184"]
[BlackTitle "WIM"]
[BlackCountry "GRE"]
[BlackFideId "4213262"]
[BlackEloChange "6"]

1. d4 {[%clk 1:30:55]} Nf6 {[%clk 1:30:33]} 2. c4 {[%clk 1:31:12]} e6 {[%clk
1:30:49]} 3. Nc3 {[%clk 1:31:07]} Bb4 {[%clk 1:31:08]} 4. e3 {[%clk 1:30:59]} O-O
{[%clk 1:30:46]} 5. Bd3 {[%clk 1:30:19]} d5 {[%clk 1:29:11]} 6. Nf3 {[%clk
1:29:58]} c5 {[%clk 1:26:57]} 7. O-O {[%clk 1:29:09]} Nc6 {[%clk 1:23:44]} 8. a3
{[%clk 1:28:17]} Bxc3 {[%clk 1:24:03]} 9. bxc3 {[%clk 1:28:41]} dxc4 {[%clk
1:23:44]} 10. Bxc4 {[%clk 1:29:04]} Qc7 {[%clk 1:24:02]} 11. Bb2 {[%clk 1:27:59]}
Rd8 {[%clk 1:18:24]} 12. Qe2 {[%clk 1:25:52]} h6 {[%clk 1:10:15]} 13. Rfd1 {[%clk
1:21:03]} b6 {[%clk 0:59:43]} 14. Rac1 {[%clk 1:03:55]} Bb7 {[%clk 0:57:36]} 15.
Ba6 {[%clk 0:37:25]} Bxa6 {[%clk 0:52:26]} 16. Qxa6 {[%clk 0:37:47]} Na5 {[%clk
0:51:23]} 17. c4 {[%clk 0:26:44]} Ne4 {[%clk 0:50:28]} 18. Qb5 {[%clk 0:20:07]}
Nd6 {[%clk 0:48:14]} 19. Qa4 {[%clk 0:19:56]} cxd4 {[%clk 0:41:37]} 20. Rxd4
{[%clk 0:12:21]} Rac8 {[%clk 0:36:28]} 21. Rg4 {[%clk 0:11:21]} Ne8 {[%clk
0:36:12]} 22. h4 {[%clk 0:07:01]} f6 {[%clk 0:32:02]} 23. Qc2 {[%clk 0:02:43]}
Qf7 {[%clk 0:31:40]} 24. Rf4 {[%clk 0:00:48]} Nd6 {[%clk 0:26:40]} 25. Ne5 {[%clk
0:00:44]} Qe8 {[%clk 0:26:43]} 26. Ng4 {[%clk 0:00:47]} Rxc4 {[%clk 0:21:05]} 27.
Rxc4 {[%clk 0:01:08]} Naxc4 {[%clk 0:19:47]} 28. Bxf6 {[%clk 0:01:32]} Rc8 {[%clk
0:19:45]} 29. Bxg7 {[%clk 0:01:32]} Kxg7 {[%clk 0:19:10]} 30. Qc3+ {[%clk
0:00:40]} e5 {[%clk 0:18:44]} 31. f4 {[%clk 0:00:43]} Rc5 {[%clk 0:17:16]} 32.
Rd1 {[%clk 0:00:35]} Qe6 {[%clk 0:16:08]} 33. Nf2 {[%clk 0:00:37]} Nb5 {[%clk
0:11:38]} 34. Qd3 {[%clk 0:00:37]} Nb2 {[%clk 0:09:54]} 35. Qd7+ {[%clk 0:01:03]}
Qxd7 {[%clk 0:10:21]} 36. Rxd7+ {[%clk 0:01:30]} Kf8 {[%clk 0:10:23]} 37. Ng4
{[%clk 0:00:49]} exf4 {[%clk 0:10:09]} 38. exf4 {[%clk 0:01:05]} h5 {[%clk
0:08:46]} 39. Ne5 {[%clk 0:00:42]} Rc7 {[%clk 0:08:09]} 40. Rd2 {[%clk 0:30:34]}
Nc4 {[%clk 0:37:17]} 41. Nxc4 {[%clk 0:17:38]} Rxc4 {[%clk 0:37:41]} 42. Rd5
{[%clk 0:17:39]} Nxa3 {[%clk 0:37:58]} 43. Rxh5 {[%clk 0:18:01]} Rxf4 {[%clk
0:38:02]} 44. g3 {[%clk 0:17:47]} Rf7 {[%clk 0:38:07]} 45. g4 {[%clk 0:16:54]} b5
{[%clk 0:37:49]} 46. g5 {[%clk 0:17:03]} Kg7 {[%clk 0:37:52]} 47. Rh6 {[%clk
0:17:13]} b4 {[%clk 0:34:07]} 48. Ra6 {[%clk 0:17:14]} Rb7 {[%clk 0:33:07]} 49.
h5 {[%clk 0:16:04]} b3 {[%clk 0:32:53]} 50. Rg6+ {[%clk 0:16:27]} Kf8 {[%clk
0:32:46]} 51. Rf6+ {[%clk 0:15:56]} Rf7 {[%clk 0:32:54]} 0-1

[Event "Greek Team Championship"]
[Site "chess24.com"]
[Date "2017.07.03"]
[Round "1"]
[White "Filoxeni, Danai"]
[Black "Batzoli, Maria"]
[Result "0-1"]
[Board "6"]
[WhiteElo "1521"]
[WhiteCountry "GRE"]
[WhiteFideId "4248708"]
[WhiteEloChange "-14"]
[BlackElo "1359"]
[BlackCountry "GRE"]
[BlackFideId "25810375"]
[BlackEloChange "14"]

1. d4 {[%clk 1:30:58]} Nf6 {[%clk 1:30:48]} 2. Nf3 {[%clk 1:31:23]} e6 {[%clk
1:31:11]} 3. e3 {[%clk 1:31:47]} d5 {[%clk 1:31:34]} 4. Bd3 {[%clk 1:32:10]} Be7
{[%clk 1:31:55]} 5. O-O {[%clk 1:32:26]} O-O {[%clk 1:32:18]} 6. Nbd2 {[%clk
1:32:50]} Nbd7 {[%clk 1:32:32]} 7. b3 {[%clk 1:33:03]} b6 {[%clk 1:32:52]} 8. Bb2
{[%clk 1:33:11]} Bb7 {[%clk 1:33:17]} 9. Qe2 {[%clk 1:32:20]} c5 {[%clk 1:32:54]}
10. Ne5 {[%clk 1:28:34]} Nxe5 {[%clk 1:27:34]} 11. dxe5 {[%clk 1:28:54]} Nd7
{[%clk 1:27:48]} 12. f4 {[%clk 1:28:42]} f5 {[%clk 1:26:17]} 13. c4 {[%clk
1:08:46]} Rc8 {[%clk 1:21:08]} 14. Rad1 {[%clk 1:03:24]} Qe8 {[%clk 1:19:21]} 15.
Qf2 {[%clk 0:58:16]} Qg6 {[%clk 1:17:45]} 16. Be2 {[%clk 0:57:00]} Rfd8 {[%clk
1:14:13]} 17. Bf3 {[%clk 0:53:19]} Nb8 {[%clk 1:11:40]} 18. Nb1 {[%clk 0:47:41]}
Rd7 {[%clk 1:10:31]} 19. Rd2 {[%clk 0:42:04]} Rcd8 {[%clk 1:10:39]} 20. Rfd1
{[%clk 0:42:25]} Na6 {[%clk 1:08:56]} 21. Kh1 {[%clk 0:36:26]} Nc7 {[%clk
1:08:22]} 22. Qe2 {[%clk 0:35:37]} a6 {[%clk 1:07:42]} 23. a4 {[%clk 0:25:07]}
Qf7 {[%clk 1:02:27]} 24. Rd3 {[%clk 0:17:44]} g5 {[%clk 1:01:18]} 25. h3 {[%clk
0:17:36]} Kh8 {[%clk 1:00:41]} 26. Nc3 {[%clk 0:15:00]} Kg8 {[%clk 0:56:55]} 27.
Qe1 {[%clk 0:10:28]} h6 {[%clk 0:55:13]} 28. Qg3 {[%clk 0:10:19]} Kh7 {[%clk
0:54:31]} 29. Qf2 {[%clk 0:09:48]} h5 {[%clk 0:52:44]} 30. g4 {[%clk 0:04:32]}
hxg4 {[%clk 0:51:40]} 31. hxg4 {[%clk 0:04:48]} fxg4 {[%clk 0:52:00]} 32. Bxg4
{[%clk 0:05:03]} dxc4+ {[%clk 0:52:20]} 33. Bf3 {[%clk 0:01:33]} Bxf3+ {[%clk
0:52:34]} 34. Qxf3 {[%clk 0:01:45]} Rxd3 {[%clk 0:52:08]} 0-1

[Event "Greek Team Championship"]
[Site "chess24.com"]
[Date "2017.07.03"]
[Round "1"]
[White "Tzartzi, Petroula"]
[Black "Chatzipanagiotou, Asimenia"]
[Result "1-0"]
[Board "7"]
[WhiteElo "1243"]
[WhiteCountry "GRE"]
[WhiteFideId "25811169"]
[WhiteEloChange "11"]
[BlackElo "1287"]
[BlackCountry "GRE"]
[BlackFideId "25800396"]
[BlackEloChange "-11"]

1. e4 {[%clk 1:30:57]} e5 {[%clk 1:30:49]} 2. Nf3 {[%clk 1:31:19]} Nc6 {[%clk
1:31:03]} 3. Bb5 {[%clk 1:31:38]} a6 {[%clk 1:31:13]} 4. Ba4 {[%clk 1:31:50]} Nf6
{[%clk 1:31:00]} 5. d3 {[%clk 1:31:39]} b5 {[%clk 1:29:55]} 6. Bb3 {[%clk
1:31:49]} Be7 {[%clk 1:28:48]} 7. O-O {[%clk 1:31:47]} d6 {[%clk 1:28:29]} 8. c3
{[%clk 1:31:59]} O-O {[%clk 7:08:21]} 9. Nbd2 {[%clk 1:31:27]} Na5 {[%clk
1:26:56]} 10. Bc2 {[%clk 1:31:00]} c5 {[%clk 1:25:42]} 11. Re1 {[%clk 1:29:19]}
Nc6 {[%clk 1:22:26]} 12. Nf1 {[%clk 1:29:05]} Re8 {[%clk 1:18:50]} 13. Ng3 {[%clk
1:29:04]} Be6 {[%clk 1:16:10]} 14. Nf5 {[%clk 1:24:11]} Bf8 {[%clk 1:11:15]} 15.
d4 {[%clk 1:17:11]} exd4 {[%clk 1:06:15]} 16. cxd4 {[%clk 1:15:40]} Bxf5 {[%clk
1:03:11]} 17. exf5 {[%clk 1:11:12]} Rxe1+ {[%clk 1:01:40]} 18. Qxe1 {[%clk
1:10:22]} Nxd4 {[%clk 1:00:16]} 19. Nxd4 {[%clk 1:08:57]} cxd4 {[%clk 1:00:09]}
20. Bg5 {[%clk 1:02:22]} h6 {[%clk 0:58:12]} 21. Bh4 {[%clk 1:00:48]} Rc8 {[%clk
0:52:36]} 22. Qd1 {[%clk 0:57:02]} Qc7 {[%clk 0:44:37]} 23. Bb3 {[%clk 0:54:52]}
Be7 {[%clk 0:40:09]} 24. Qxd4 {[%clk 0:52:29]} Qc5 {[%clk 0:39:00]} 25. Qd3
{[%clk 0:48:11]} Qe5 {[%clk 0:31:18]} 26. Rb1 {[%clk 0:38:39]} Kf8 {[%clk
0:25:46]} 27. Qf3 {[%clk 0:37:38]} Qc5 {[%clk 0:23:24]} 28. g3 {[%clk 0:37:06]}
Qc6 {[%clk 0:21:49]} 29. Qd3 {[%clk 0:34:52]} Qe4 {[%clk 0:19:45]} 30. Qxe4
{[%clk 0:32:57]} Nxe4 {[%clk 0:19:51]} 31. Bxe7+ {[%clk 0:32:39]} Kxe7 {[%clk
0:19:14]} 32. Re1 {[%clk 0:32:34]} Kf6 {[%clk 0:17:35]} 33. Rxe4 {[%clk 0:32:29]}
Rc1+ {[%clk 0:17:22]} 34. Kg2 {[%clk 0:32:11]} Kxf5 {[%clk 0:17:13]} 35. Rf4+
{[%clk 0:31:01]} Ke5 {[%clk 0:16:01]} 36. Rxf7 {[%clk 0:27:38]} g6 {[%clk
0:12:46]} 37. f4+ {[%clk 0:25:55]} Ke4 {[%clk 0:11:52]} 38. Rf6 {[%clk 0:24:58]}
d5 {[%clk 0:11:11]} 39. Rxg6 {[%clk 0:23:40]} d4 {[%clk 0:10:37]} 40. Re6+ {[%clk
0:53:05]} Kf5 {[%clk 0:39:37]} 41. Re5+ {[%clk 0:52:19]} Kf6 {[%clk 0:38:58]} 42.
Rd5 {[%clk 0:52:09]} Rb1 {[%clk 0:36:35]} 43. Rxd4 {[%clk 0:51:31]} Rxb2+ {[%clk
0:36:29]} 44. Kh3 {[%clk 0:51:25]} h5 {[%clk 0:36:09]} 45. Rd6+ {[%clk 0:51:00]}
Ke7 {[%clk 0:35:57]} 46. Rxa6 {[%clk 0:50:41]} Rd2 {[%clk 0:35:14]} 47. f5 {[%clk
0:50:19]} Rf2 {[%clk 0:34:46]} 48. f6+ {[%clk 0:49:49]} Rxf6 {[%clk 0:34:46]} 49.
Rxf6 {[%clk 0:49:49]} Kxf6 {[%clk 0:33:59]} 50. Kh4 {[%clk 0:50:02]} Kg6 {[%clk
0:34:05]} 51. a3 {[%clk 0:49:11]} Kh6 {[%clk 0:33:36]} 52. Bf7 {[%clk 0:49:03]}
Kg7 {[%clk 0:33:23]} 53. Bxh5 {[%clk 0:49:06]} Kf8 {[%clk 0:33:30]} 54. Kg5
{[%clk 0:48:07]} Ke7 {[%clk 0:33:27]} 55. Kh6 {[%clk 0:48:08]} Kf8 {[%clk
0:33:20]} 56. g4 {[%clk 0:47:58]} Ke7 {[%clk 0:33:22]} 57. g5 {[%clk 0:48:11]}
Kf8 {[%clk 0:33:45]} 58. Kh7 {[%clk 0:48:19]} Ke7 {[%clk 0:33:49]} 59. g6 {[%clk
0:48:31]} b4 {[%clk 0:34:03]} 60. axb4 {[%clk 0:48:36]} 1-0

[Event "Greek Team Championship"]
[Site "chess24.com"]
[Date "2017.07.03"]
[Round "1"]
[White "Pavlidis, Pavlos"]
[Black "Papakonstantinou, Dimitrios"]
[Result "0-1"]
[Board "8"]
[WhiteElo "1928"]
[WhiteCountry "GRE"]
[WhiteFideId "4200616"]
[WhiteEloChange "-8"]
[BlackElo "2002"]
[BlackCountry "GRE"]
[BlackFideId "4250990"]
[BlackEloChange "8"]

1. e4 {[%clk 1:30:56]} c6 {[%clk 1:30:54]} 2. Nc3 {[%clk 1:31:13]} d5 {[%clk
1:31:19]} 3. Nf3 {[%clk 1:31:15]} Bg4 {[%clk 1:31:42]} 4. h3 {[%clk 1:31:39]}
Bxf3 {[%clk 1:32:07]} 5. Qxf3 {[%clk 1:32:03]} Nf6 {[%clk 1:32:34]} 6. d3 {[%clk
1:31:26]} e6 {[%clk 1:32:31]} 7. Bd2 {[%clk 1:31:17]} Qb6 {[%clk 1:32:53]} 8.
O-O-O {[%clk 1:30:59]} Bb4 {[%clk 1:32:15]} 9. a3 {[%clk 1:29:52]} Bxc3 {[%clk
1:27:43]} 10. Bxc3 {[%clk 1:28:48]} d4 {[%clk 1:28:07]} 11. Bd2 {[%clk 1:22:46]}
Qc7 {[%clk 1:21:12]} 12. Bf4 {[%clk 1:10:57]} e5 {[%clk 1:20:40]} 13. Bh6 {[%clk
1:09:06]} O-O {[%clk 1:10:02]} 14. Qg3 {[%clk 1:05:59]} Ne8 {[%clk 1:09:36]} 15.
f4 {[%clk 1:03:10]} Kh8 {[%clk 1:09:14]} 16. Bg5 {[%clk 1:02:27]} f6 {[%clk
1:02:19]} 17. Bh4 {[%clk 1:02:08]} exf4 {[%clk 1:02:38]} 18. Qf3 {[%clk 0:56:06]}
Nd7 {[%clk 0:59:39]} 19. Kb1 {[%clk 0:53:47]} b5 {[%clk 0:32:13]} 20. Bf2 {[%clk
0:46:57]} Qd6 {[%clk 0:29:10]} 21. g3 {[%clk 0:41:17]} Ne5 {[%clk 0:25:27]} 22.
Qxf4 {[%clk 0:38:32]} a5 {[%clk 0:24:51]} 23. Be2 {[%clk 0:18:56]} b4 {[%clk
0:16:45]} 24. a4 {[%clk 0:17:41]} b3 {[%clk 0:14:52]} 25. Qd2 {[%clk 0:16:23]}
bxc2+ {[%clk 0:11:52]} 26. Qxc2 {[%clk 0:16:27]} Nc7 {[%clk 0:09:34]} 27. Rd2
{[%clk 0:12:17]} Na6 {[%clk 0:09:49]} 28. Rc1 {[%clk 0:11:58]} Nb4 {[%clk
0:09:30]} 29. Qc5 {[%clk 0:11:45]} Qe6 {[%clk 0:09:33]} 30. Rc4 {[%clk 0:10:37]}
Nxc4 {[%clk 0:09:43]} 31. Qxc4 {[%clk 0:10:04]} Qxc4 {[%clk 0:09:57]} 32. dxc4
{[%clk 0:10:29]} c5 {[%clk 0:10:25]} 33. g4 {[%clk 0:10:03]} Nc6 {[%clk 0:09:26]}
34. Bg3 {[%clk 0:09:02]} Ne5 {[%clk 0:09:09]} 35. g5 {[%clk 0:06:15]} Rae8 {[%clk
0:08:04]} 36. Bh5 {[%clk 0:02:04]} g6 {[%clk 0:07:19]} 37. Bg4 {[%clk 0:02:26]}
fxg5 {[%clk 0:06:29]} 38. Be2 {[%clk 0:01:29]} h5 {[%clk 0:04:04]} 39. h4 {[%clk
0:01:15]} g4 {[%clk 0:04:17]} 40. Rd1 {[%clk 0:31:15]} Kg7 {[%clk 0:33:47]} 41.
Be1 {[%clk 0:31:27]} Nc6 {[%clk 0:32:25]} 42. Bg3 {[%clk 0:30:25]} Rxe4 {[%clk
0:31:16]} 43. Bd3 {[%clk 0:30:48]} Re6 {[%clk 0:31:19]} 44. Bc7 {[%clk 0:29:57]}
Rf3 {[%clk 0:30:43]} 0-1

[Event "Greek Team Championship"]
[Site "chess24.com"]
[Date "2017.07.03"]
[Round "1"]
[White "Karagiannis, Emmanouil"]
[Black "Pissadakis, Dimitrios"]
[Result "0-1"]
[Board "9"]
[WhiteElo "1338"]
[WhiteCountry "GRE"]
[WhiteFideId "4292197"]
[WhiteEloChange "-2"]
[BlackElo "1853"]
[BlackCountry "GRE"]
[BlackFideId "4251768"]
[BlackEloChange "2"]

1. e4 {[%clk 1:30:57]} b6 {[%clk 1:29:07]} 2. d4 {[%clk 1:29:54]} Bb7 {[%clk
1:28:27]} 3. Nc3 {[%clk 1:29:03]} e6 {[%clk 1:25:15]} 4. Bd3 {[%clk 1:26:41]} d5
{[%clk 1:22:26]} 5. e5 {[%clk 1:23:34]} c5 {[%clk 1:21:29]} 6. Nf3 {[%clk
1:22:43]} a6 {[%clk 1:21:04]} 7. O-O {[%clk 1:06:14]} Ne7 {[%clk 1:20:09]} 8. Be3
{[%clk 0:59:42]} Nec6 {[%clk 1:18:46]} 9. Re1 {[%clk 0:46:26]} Nd7 {[%clk
1:18:07]} 10. Bf1 {[%clk 0:31:24]} Qc7 {[%clk 1:16:04]} 11. Na4 {[%clk 0:20:43]}
cxd4 {[%clk 1:08:13]} 12. Bxd4 {[%clk 0:19:30]} Nxd4 {[%clk 1:08:33]} 13. Qxd4
{[%clk 0:19:36]} b5 {[%clk 1:08:20]} 14. Nc3 {[%clk 0:19:19]} Rc8 {[%clk
1:07:39]} 15. Bd3 {[%clk 0:17:32]} Nb6 {[%clk 1:07:19]} 16. Nd2 {[%clk 0:15:50]}
Nc4 {[%clk 1:05:37]} 17. Nxc4 {[%clk 0:14:15]} bxc4 {[%clk 1:05:44]} 18. Be2
{[%clk 0:12:08]} Bc5 {[%clk 0:54:13]} 19. Qf4 {[%clk 0:11:53]} Ba7 {[%clk
0:54:08]} 20. Bf1 {[%clk 0:09:55]} Qb6 {[%clk 0:50:42]} 21. Rab1 {[%clk 0:06:04]}
O-O {[%clk 0:48:42]} 22. Re3 {[%clk 0:01:33]} d4 {[%clk 0:43:24]} 23. Rg3 {[%clk
0:01:52]} g6 {[%clk 0:37:57]} 24. Ne4 {[%clk 0:01:59]} Bxe4 {[%clk 0:38:16]} 25.
Qxe4 {[%clk 0:02:22]} f5 {[%clk 0:35:31]} 26. Qf4 {[%clk 0:01:01]} Qc5 {[%clk
0:34:32]} 27. h4 {[%clk 0:00:56]} Kf7 {[%clk 0:32:41]} 28. Qh6 {[%clk 0:01:06]}
Qxe5 {[%clk 0:31:49]} 29. Qxh7+ {[%clk 0:01:13]} Qg7 {[%clk 0:32:15]} 30. Qxg7+
{[%clk 0:01:32]} Kxg7 {[%clk 0:32:43]} 31. h5 {[%clk 0:01:55]} Rf6 {[%clk
0:33:08]} 32. Rxg6+ {[%clk 0:01:40]} Rxg6 {[%clk 0:33:37]} 33. hxg6 {[%clk
0:02:08]} Kxg6 {[%clk 0:34:06]} 34. Be2 {[%clk 0:01:42]} e5 {[%clk 0:33:47]} 35.
Kf1 {[%clk 0:01:23]} e4 {[%clk 0:33:35]} 36. Rc1 {[%clk 0:01:19]} Rh8 {[%clk
0:33:25]} 37. Kg1 {[%clk 0:00:41]} d3 {[%clk 0:33:18]} 38. cxd3 {[%clk 0:01:00]}
cxd3 {[%clk 0:32:41]} 39. Rc6+ {[%clk 0:01:00]} Kg5 {[%clk 0:32:49]} 40. Bd1
{[%clk 0:31:26]} e3 {[%clk 1:01:14]} 41. f4+ {[%clk 0:24:04]} Kxf4 {[%clk
1:01:13]} 42. g3+ {[%clk 0:24:29]} Kxg3 {[%clk 1:01:09]} 0-1

[Event "Greek Team Championship"]
[Site "chess24.com"]
[Date "2017.07.03"]
[Round "1"]
[White "Kanteraki, Maria-Myrto"]
[Black "Gavriil, Odysseas-Panagiotis"]
[Result "0-1"]
[Board "10"]
[WhiteElo "1375"]
[WhiteCountry "GRE"]
[WhiteFideId "25818023"]
[WhiteEloChange "-3"]
[BlackElo "1679"]
[BlackCountry "GRE"]
[BlackFideId "4298012"]
[BlackEloChange "3"]

1. e4 {[%clk 1:30:57]} Nf6 {[%clk 1:30:49]} 2. e5 {[%clk 1:31:23]} Nd5 {[%clk
1:31:11]} 3. c4 {[%clk 1:31:47]} Nb6 {[%clk 1:31:30]} 4. c5 {[%clk 1:32:13]} Nd5
{[%clk 1:31:50]} 5. Nc3 {[%clk 1:32:38]} e6 {[%clk 1:31:58]} 6. d4 {[%clk
1:33:02]} Nxc3 {[%clk 1:31:39]} 7. bxc3 {[%clk 1:33:25]} b6 {[%clk 1:32:01]} 8.
cxb6 {[%clk 1:30:38]} axb6 {[%clk 1:32:18]} 9. a4 {[%clk 1:29:17]} d5 {[%clk
1:30:39]} 10. Nf3 {[%clk 1:24:48]} Be7 {[%clk 1:27:47]} 11. Bd3 {[%clk 1:22:48]}
Ba6 {[%clk 1:16:55]} 12. Bxa6 {[%clk 1:17:30]} Rxa6 {[%clk 1:14:25]} 13. Qc2
{[%clk 1:14:47]} Nd7 {[%clk 1:08:55]} 14. O-O {[%clk 1:12:35]} O-O {[%clk
1:08:20]} 15. Ba3 {[%clk 1:11:40]} c5 {[%clk 1:07:11]} 16. Rfd1 {[%clk 1:06:49]}
Qa8 {[%clk 1:02:26]} 17. Bb2 {[%clk 1:03:01]} Qc6 {[%clk 1:01:09]} 18. Ra2 {[%clk
0:56:50]} Rfa8 {[%clk 1:00:33]} 19. Rda1 {[%clk 0:56:16]} cxd4 {[%clk 0:50:03]}
20. Nxd4 {[%clk 0:55:54]} Qc4 {[%clk 0:49:51]} 21. f4 {[%clk 0:50:23]} Bc5 {[%clk
0:41:46]} 22. Qd1 {[%clk 0:49:33]} b5 {[%clk 0:34:45]} 23. a5 {[%clk 0:48:50]}
Bb6 {[%clk 0:30:45]} 24. Kh1 {[%clk 0:49:08]} Rxa5 {[%clk 0:28:51]} 25. Rxa5
{[%clk 0:49:30]} Rxa5 {[%clk 0:27:56]} 26. Rxa5 {[%clk 0:49:03]} Bxa5 {[%clk
0:28:20]} 27. Qe2 {[%clk 0:49:07]} Qxe2 {[%clk 0:26:54]} 28. Nxe2 {[%clk
0:49:28]} Nb6 {[%clk 0:26:09]} 29. Nd4 {[%clk 0:49:21]} Na4 {[%clk 0:25:43]} 30.
Ba1 {[%clk 0:49:27]} Bxc3 {[%clk 0:26:00]} 31. Bxc3 {[%clk 0:49:46]} Nxc3 {[%clk
0:26:28]} 32. g3 {[%clk 0:50:04]} b4 {[%clk 0:26:25]} 33. Kg2 {[%clk 0:50:14]}
Ne4 {[%clk 0:25:53]} 34. Nb3 {[%clk 0:50:27]} Kf8 {[%clk 0:25:50]} 35. Kf3 {[%clk
0:50:19]} Ke7 {[%clk 0:24:55]} 36. Nd4 {[%clk 0:49:45]} Kd7 {[%clk 0:24:57]} 37.
Ke3 {[%clk 0:50:02]} Nc5 {[%clk 0:24:49]} 38. Kd2 {[%clk 0:50:14]} Kc7 {[%clk
0:24:27]} 39. Kc2 {[%clk 0:50:03]} Kb6 {[%clk 0:24:31]} 40. g4 {[%clk 1:19:52]}
Ne4 {[%clk 0:48:44]} 41. f5 {[%clk 1:18:56]} Nc5 {[%clk 0:46:40]} 42. fxe6 {[%clk
1:18:46]} Nxe6 {[%clk 0:46:55]} 43. Nb3 {[%clk 1:18:56]} Ng5 {[%clk 0:45:53]} 44.
h4 {[%clk 1:19:20]} Nf3 {[%clk 0:46:19]} 45. h5 {[%clk 1:19:43]} Nxe5 {[%clk
0:46:33]} 46. g5 {[%clk 1:20:07]} g6 {[%clk 0:46:15]} 0-1

[Event "Greek Team Championship"]
[Site "chess24.com"]
[Date "2017.07.03"]
[Round "1"]
[White "Firman, Nazar"]
[Black "Georgakopoulos, Nikolaos"]
[Result "1-0"]
[Board "1"]
[WhiteElo "2512"]
[WhiteTitle "GM"]
[WhiteCountry "UKR"]
[WhiteFideId "14104490"]
[WhiteEloChange "3"]
[BlackElo "2332"]
[BlackCountry "GRE"]
[BlackFideId "4210891"]
[BlackEloChange "-5"]

1. e4 {[%clk 1:30:57]} c5 {[%clk 1:30:49]} 2. Nf3 {[%clk 1:31:15]} d6 {[%clk
1:31:09]} 3. d4 {[%clk 1:31:36]} Nf6 {[%clk 1:31:29]} 4. dxc5 {[%clk 1:29:04]}
Nxe4 {[%clk 1:31:45]} 5. cxd6 {[%clk 1:29:13]} Nc6 {[%clk 1:32:11]} 6. Na3 {[%clk
1:14:02]} e5 {[%clk 1:15:30]} 7. Bb5 {[%clk 0:44:12]} Nxd6 {[%clk 0:48:51]} 8.
O-O {[%clk 0:42:27]} f6 {[%clk 0:44:54]} 9. Ba4 {[%clk 0:35:49]} Be6 {[%clk
0:36:46]} 10. Re1 {[%clk 0:30:08]} Nf5 {[%clk 0:31:27]} 11. Nb5 {[%clk 0:27:08]}
Bc5 {[%clk 0:19:15]} 12. c3 {[%clk 0:09:44]} O-O {[%clk 0:10:02]} 13. b4 {[%clk
0:08:56]} Bb6 {[%clk 0:09:14]} 14. Bb3 {[%clk 0:08:08]} Qe7 {[%clk 0:09:13]} 15.
g4 {[%clk 0:06:34]} Kh8 {[%clk 0:03:11]} 16. Bxe6 {[%clk 0:04:32]} Qxe6 {[%clk
0:03:25]} 17. gxf5 {[%clk 0:05:01]} Qxf5 {[%clk 0:03:44]} 18. Qe2 {[%clk
0:04:56]} Rad8 {[%clk 0:02:37]} 19. Be3 {[%clk 0:03:34]} Bxe3 {[%clk 0:01:19]}
20. fxe3 {[%clk 0:04:03]} Qg6+ {[%clk 0:01:32]} 21. Kh1 {[%clk 0:03:44]} a6
{[%clk 0:01:44]} 22. Na3 {[%clk 0:03:51]} Rd3 {[%clk 0:01:38]} 23. Rac1 {[%clk
0:02:37]} Qe4 {[%clk 0:00:57]} 24. Nb1 {[%clk 0:02:44]} Rfd8 {[%clk 0:01:26]} 25.
Kg1 {[%clk 0:02:32]} b5 {[%clk 0:00:35]} 26. Nbd2 {[%clk 0:02:33]} Qg4+ {[%clk
0:00:48]} 27. Kh1 {[%clk 0:02:44]} Qe6 {[%clk 0:00:50]} 28. Ne4 {[%clk 0:01:43]}
Qd5 {[%clk 0:00:46]} 29. Nc5 {[%clk 0:01:47]} e4 {[%clk 0:00:52]} 30. Nd4 {[%clk
0:02:00]} Ne5 {[%clk 0:00:51]} 31. Qg2 {[%clk 0:01:35]} f5 {[%clk 0:00:38]} 32.
Nxd3 {[%clk 0:01:24]} Nxd3 {[%clk 0:01:00]} 33. Rg1 {[%clk 0:01:52]} g6 {[%clk
0:01:07]} 34. Rcf1 {[%clk 0:02:14]} Qe5 {[%clk 0:00:57]} 35. Nc6 {[%clk 0:02:05]}
1-0

[Event "Greek Team Championship"]
[Site "chess24.com"]
[Date "2017.07.03"]
[Round "1"]
[White "Kokkalis, Vasilios"]
[Black "Maier, Christian"]
[Result "0-1"]
[Board "2"]
[WhiteElo "2129"]
[WhiteCountry "GRE"]
[WhiteFideId "4205901"]
[WhiteEloChange "-4"]
[BlackElo "2388"]
[BlackTitle "IM"]
[BlackCountry "GER"]
[BlackFideId "4601955"]
[BlackEloChange "4"]

1. d4 {[%clk 1:30:43]} Nf6 {[%clk 1:30:34]} 2. c4 {[%clk 1:31:09]} g6 {[%clk
1:30:43]} 3. Nc3 {[%clk 1:31:32]} Bg7 {[%clk 1:31:01]} 4. e4 {[%clk 1:31:55]} d6
{[%clk 1:31:25]} 5. Nf3 {[%clk 1:32:18]} O-O {[%clk 1:31:31]} 6. Be2 {[%clk
1:32:43]} Na6 {[%clk 1:30:21]} 7. O-O {[%clk 1:32:56]} e5 {[%clk 1:30:17]} 8. Re1
{[%clk 1:32:14]} exd4 {[%clk 1:28:45]} 9. Nxd4 {[%clk 1:32:32]} Re8 {[%clk
1:28:57]} 10. f3 {[%clk 1:29:02]} c6 {[%clk 1:28:43]} 11. Nc2 {[%clk 1:28:41]} d5
{[%clk 1:06:12]} 12. cxd5 {[%clk 1:25:00]} cxd5 {[%clk 1:06:04]} 13. exd5 {[%clk
1:17:03]} Bf5 {[%clk 1:00:23]} 14. Ne3 {[%clk 1:11:14]} Bd7 {[%clk 1:00:30]} 15.
Kh1 {[%clk 1:09:20]} Nc5 {[%clk 0:58:14]} 16. Bd2 {[%clk 0:56:04]} Rc8 {[%clk
0:55:34]} 17. Rc1 {[%clk 0:55:53]} a5 {[%clk 0:51:42]} 18. Nc4 {[%clk 0:43:43]}
Bf5 {[%clk 0:50:43]} 19. Bg5 {[%clk 0:36:11]} h6 {[%clk 0:39:58]} 20. Bh4 {[%clk
0:34:38]} g5 {[%clk 0:39:42]} 21. Bf2 {[%clk 0:32:00]} Rxe2 {[%clk 0:35:24]} 22.
Rxe2 {[%clk 0:25:37]} Nd3 {[%clk 0:33:55]} 23. Bb6 {[%clk 0:23:58]} Qf8 {[%clk
0:34:13]} 24. Ne3 {[%clk 0:22:48]} Bg6 {[%clk 0:34:12]} 25. Rcc2 {[%clk 0:14:13]}
Qb4 {[%clk 0:18:58]} 26. Na4 {[%clk 0:09:03]} Re8 {[%clk 0:18:03]} 27. Rc4 {[%clk
0:08:40]} Qb5 {[%clk 0:18:04]} 28. Qb3 {[%clk 0:06:59]} Qxb3 {[%clk 0:17:47]} 29.
axb3 {[%clk 0:07:15]} Nxd5 {[%clk 0:18:12]} 30. Kg1 {[%clk 0:03:22]} Re6 {[%clk
0:15:37]} 31. Ba7 {[%clk 0:01:55]} b6 {[%clk 0:13:18]} 32. Bxb6 {[%clk 0:01:31]}
Nxb6 {[%clk 0:13:41]} 33. Nxb6 {[%clk 0:02:00]} Rxb6 {[%clk 0:14:02]} 34. Nd5
{[%clk 0:01:14]} Rxb3 {[%clk 0:14:12]} 35. Ne7+ {[%clk 0:01:39]} Kh7 {[%clk
0:14:30]} 36. Nxg6 {[%clk 0:01:59]} Kxg6 {[%clk 0:14:52]} 37. Ra4 {[%clk
0:01:04]} Bxb2 {[%clk 0:15:03]} 38. g3 {[%clk 0:00:56]} Bc3 {[%clk 0:13:26]} 39.
Kg2 {[%clk 0:00:49]} Bb4 {[%clk 0:13:40]} 40. Ra1 {[%clk 0:30:33]} Kf6 {[%clk
0:42:42]} 0-1